000 00658nam a2200253Ia 4500
003 OSt
005 20221006144027.0
006 a|||||r|||| 00| 0
007 ta
008 221006b |||||||| |||| 00| 0 eng d
020 _c25.00 (each)
024 _a10,673
037 _cTextual
040 _aEASL
_cEASL
_beng
041 _2eng
_aeng
082 _aW691xM18:g, K9-;1
100 _aTUCKER Robert C
245 0 _aMarxian revolutionary idea
260 _aLondon
_bGeorge Allen & Unwin
_c1969
300 _a240p.
_ccm.
490 _v Oth
942 _hW691xM18:g, K9-;1
_cTEXL
_2CC
999 _c1078759
_d1078759